<?xml version="1.0" encoding="UTF-8"?>
<record
    xmlns:xsi="http://www.w3.org/2001/XMLSchema-instance"
    xsi:schemaLocation="http://www.loc.gov/MARC21/slim http://www.loc.gov/standards/marcxml/schema/MARC21slim.xsd"
    xmlns="http://www.loc.gov/MARC21/slim">

  <leader>00472nam a22001337a 4500</leader>
  <controlfield tag="008">160104b        xxu||||| |||| 00| 0 eng d</controlfield>
  <datafield tag="020" ind1=" " ind2=" ">
    <subfield code="a">9783527333707</subfield>
  </datafield>
  <datafield tag="082" ind1=" " ind2=" ">
    <subfield code="2">23</subfield>
    <subfield code="a">621.042</subfield>
    <subfield code="b">ULL 2015 V.1</subfield>
  </datafield>
  <datafield tag="245" ind1=" " ind2=" ">
    <subfield code="a">Ullmann's energy </subfield>
    <subfield code="b">resources, processes, products.</subfield>
    <subfield code="c">Editor In Chief Barbara Elvers, Humburg, Germany</subfield>
  </datafield>
  <datafield tag="260" ind1=" " ind2=" ">
    <subfield code="a">Weinheim:</subfield>
    <subfield code="b">Wiley,</subfield>
    <subfield code="c">2015.</subfield>
  </datafield>
  <datafield tag="300" ind1=" " ind2=" ">
    <subfield code="a">xix, 427p.</subfield>
    <subfield code="b">ill, </subfield>
    <subfield code="c">24cm.</subfield>
  </datafield>
  <datafield tag="650" ind1=" " ind2=" ">
    <subfield code="a">Power resources</subfield>
    <subfield code="v">Energy industries</subfield>
    <subfield code="x">Energy storage</subfield>
  </datafield>
  <datafield tag="942" ind1=" " ind2=" ">
    <subfield code="2">ddc</subfield>
    <subfield code="c">BK</subfield>
  </datafield>
  <datafield tag="999" ind1=" " ind2=" ">
    <subfield code="c">355901</subfield>
    <subfield code="d">355901</subfield>
  </datafield>
  <datafield tag="952" ind1=" " ind2=" ">
    <subfield code="0">0</subfield>
    <subfield code="1">0</subfield>
    <subfield code="2">ddc</subfield>
    <subfield code="4">0</subfield>
    <subfield code="7">0</subfield>
    <subfield code="8">NFIC</subfield>
    <subfield code="a">CAS-E</subfield>
    <subfield code="b">CAS-E</subfield>
    <subfield code="c">DISPLAY</subfield>
    <subfield code="d">2016-01-04</subfield>
    <subfield code="e">Golden</subfield>
    <subfield code="g">44458.00</subfield>
    <subfield code="l">0</subfield>
    <subfield code="o">621.042 ULL 2015 V.1</subfield>
    <subfield code="p">CAS-E0001224</subfield>
    <subfield code="r">2016-01-04</subfield>
    <subfield code="w">2016-01-04</subfield>
    <subfield code="y">BK</subfield>
  </datafield>
  <datafield tag="952" ind1=" " ind2=" ">
    <subfield code="0">0</subfield>
    <subfield code="1">0</subfield>
    <subfield code="2">ddc</subfield>
    <subfield code="4">0</subfield>
    <subfield code="7">0</subfield>
    <subfield code="8">NFIC</subfield>
    <subfield code="a">CAS-E</subfield>
    <subfield code="b">CAS-E</subfield>
    <subfield code="c">DISPLAY</subfield>
    <subfield code="d">2016-01-04</subfield>
    <subfield code="e">Golden</subfield>
    <subfield code="g">44458.00</subfield>
    <subfield code="l">0</subfield>
    <subfield code="o">621.042 ULL 2015 V.2</subfield>
    <subfield code="p">CAS-E0001225</subfield>
    <subfield code="r">2016-01-04</subfield>
    <subfield code="w">2016-01-04</subfield>
    <subfield code="y">BK</subfield>
  </datafield>
  <datafield tag="952" ind1=" " ind2=" ">
    <subfield code="0">0</subfield>
    <subfield code="1">0</subfield>
    <subfield code="2">ddc</subfield>
    <subfield code="4">0</subfield>
    <subfield code="7">0</subfield>
    <subfield code="8">NFIC</subfield>
    <subfield code="a">CAS-E</subfield>
    <subfield code="b">CAS-E</subfield>
    <subfield code="c">DISPLAY</subfield>
    <subfield code="d">2016-01-04</subfield>
    <subfield code="e">Golden</subfield>
    <subfield code="g">44458.00</subfield>
    <subfield code="l">0</subfield>
    <subfield code="o">621.042 ULL 2015 V.3</subfield>
    <subfield code="p">CAS-E0001226</subfield>
    <subfield code="r">2016-01-04</subfield>
    <subfield code="w">2016-01-04</subfield>
    <subfield code="y">BK</subfield>
  </datafield>
</record>
